00481nam a2200145Ia 4500008004100000041000800041082001200049100002200061245004400083260003200127300003000159365001100189999001700200952011800217240624s9999 xx 000 0 und d aeng a823 DIA aDIAMANDIS PETER H aABUNDANCE THE FUTURE IS BETTER THAN YOU c2012aNew DelhibFree Press axi, : 386 : p. : cm. ; 23 cRSb25 c19836d19836 00104070aIMTNbIMTNcRack 40-Ad2012-10-03eAPg450.00o823 DIAp19836r2024-06-24 00:00:00t1w2024-06-24yBK